| 000 | 01409nam a22003617a 4500 | ||
|---|---|---|---|
| 003 | CHAP | ||
| 005 | 20220329135143.0 | ||
| 008 | 971013s1980 r 00010 d | ||
| 010 | _a31799 | ||
| 011 | _a32771 | ||
| 035 | _a36886 | ||
| 040 | _cCHAP | ||
| 090 | _aTesis | ||
| 100 | 0 | 0 |
_aLópez Escobar, Arnoldo. _967849 |
| 245 | _aEfectos comparativos entre dos fuentes diferentes de materia orgánica (estiércol y compost) y determinación del mejor nivel de estiércol seco del bovino en el cultivo de melón (Cucumis melo L.) variedad gusto-45 bajo las condiciones de Apodaca, N.L | ||
| 260 |
_a(Monterrey, N.L.) : _bEl autor, _c1980 |
||
| 300 |
_a64 h. _b: gráfs. |
||
| 502 | _aTesis (Ing. Agr. Esp. en Parasitología Agrícola) -- ITESM. Div. de Ciencias Agropecuarias y Marítimas | ||
| 590 |
_aALEPH _b10 _c20130110 _lUCH01 _h1254 |
||
| 590 |
_aBATCH-UPD _b10 _c20130110 _lUCH01 _h0014 |
||
| 590 |
_aBATCH-UPD _b10 _c20130110 _lUCH01 _h1442 |
||
| 590 |
_aBATCH-UPD _b10 _c20130409 _lUCH01 _h1951 |
||
| 590 |
_aBATCH-UPD _b10 _c20130410 _lUCH01 _h0913 |
||
| 590 |
_aBATCH-UPD _b10 _c20130914 _lUCH01 _h1020 |
||
| 590 |
_aCONVERSION _b10 _c20130109 _lUCH01 _h1318 |
||
| 650 | 1 | 4 |
_aAbonos _xEfecto en melon. _9254 |
| 650 | 1 | 4 |
_aCompost. _926105 |
| 650 | 1 | 4 |
_aEstiércol de vaca. _938326 |
| 650 | 1 | 4 |
_aMelón _xNuevo León. _974473 |
| 901 | _aBK | ||
| 942 | _cTESIS | ||
| 949 |
_bBC _cTES _d-84792 _eTS1 _i36886 _si |
||
| 999 |
_c31799 _d31799 |
||